000 00562nam a2200181 i 4500
001 102801
003 ES-MaACL
005 20230906183204.0
007 t|
008 051209s1993 pr ||||1| spa d
080 _a9(729.5 Luquillo)
100 1 _aAlvira Guerra, Carmelo.
_921043
245 1 0 _aPinceladas de un pueblo
_b: (historia de Luquillo) /
_cCarmelo Alvira Guerra.
260 _aLuquillo, Puerto Rico :
_bEl autor,
_c1993.
300 _a81 p. :
_bil. ;
_c28 cm.
651 4 _aLuquillo (Puerto Rico)
_98935
852 _aES-MaACL
_j2198-F-10
_bR.136959
999 _c102801
_d102801